| 000 | 00713nam a2200229Ia 4500 | ||
|---|---|---|---|
| 003 | GCL | ||
| 008 | 140319s9999 xx 000 0 ara d | ||
| 040 |
_aGCL / _cGCL |
||
| 082 | 0 | 4 |
_a330.9 _bه س |
| 100 | 1 | _aهانكوك, غرهام | |
| 245 | 1 | 0 |
_aسادة الفقر / _cهانكوك, غرهام |
| 700 | 1 | _aناصر السيد (مترجم) | |
| 700 | 1 | _aوستمار السقيد | |
| 260 |
_a[S.N] : _bدار الهيثم ، _c1994 |
||
| 300 | _a189 ص | ||
| 490 | _a | ||
| 650 | 0 | 4 | _aالدول النامية |
| 650 | 0 | 4 | _aالعلاقات الاقتصادية الدولية |
| 650 | 0 | 4 | _aالموارد الاقتصادية |
| 650 | 0 | 4 | _aالمعونة الاقتصادية |
| 942 |
_2ddc _cBK |
||
| 999 |
_c29601 _d29601 |
||